000 00442pab a2200169 454500
008 180718b2010 xxu||||| |||| 00| 0 eng d
100 _aSunil Kumar
245 _aBanking sector reforms and outreach of scheduled commercial banks in the Northern region in India
260 _c2010
300 _ap.1-16.
362 _aMar
650 _aBanks - India
650 _aBanks
773 _aMan and Development
908 _aN
909 _a86421
999 _c86421
_d86421